000 01180nam a22003257a 4500
003 CHAP
005 20220817041055.0
008 971013s1992 r 00010 d
010 _a5834
011 _a6806
035 _a6029
040 _cCHAP
082 _a635.9
_bL3 1992
100 0 0 _aLarson, Roy A.
_eed.
_964991
245 _aIntroduction to floriculture
250 _a2 ed.
260 _aSan Diego, Cal. :
_bAcademic Press,
_c1992
300 _a636 p.
590 _aBATCH-UPD
_b10
_c20130110
_lUCH01
_h1506
590 _aCONVERSION
_b10
_c20130109
_lUCH01
_h1304
650 1 4 _aFloricultura.
_941822
650 1 4 _aPlantas ornamentales.
901 _aBK
942 _cLIBRO
949 _a635.9 L3 1992
_bBC
_cLIBRO
_d-15629
_eLIBRO
_gI.163982
_h82426
_i6029
_sm
_t186.00
949 _a635.9 L3 1992
_bBC
_cLIBRO
_d33724000602819
_eLIBRO
_fc.3
_gI.167982
_h83822
_i6029
_si
_t49.95
949 _a635.9 L3 1992
_bBC
_cLIBRO
_d33724000607313
_eLIBRO
_fc.2
_gI.163983
_h82427
_i6029
_si
_t186.00
949 _a635.9 L3 1992
_bBC
_cLIBRO
_d33724000900171
_eLIBRO
_fc.4
_gI.181195
_h89991
_i6029
_si
_t462.00
949 _a635.9 L3 1992
_bBC
_cLIBRO
_d33724000939930
_eLIBRO
_fc.5
_gI.167982
_h83822
_i6029
_si
_t49.95
999 _c5834
_d5834